000 00456nam a2200133Ia 4500
008 100328s9999 xx 000 0 und d
082 _b62111
100 _aपाल प्रदिप-शब्दां.
245 _aराजा हरिश्चन्द्र.
260 _bइंडिया बुक.
630 _aराजा हरिश्चन्द्र.
730 _aराजा हरिश्चन्द्र.
942 _cBOOK
999 _c548140
_d548137